00529 2200205 4500001002100000008004100021035002000062245007100082100002700153250000600180260004200186300001100228084001400239082000800253650001400261990001200275990001200287990001200299990001200311INLIS000000000000581 ind  a0010-0424000557 aPeralatan Rumah Tangga Dengan Motor ListrikcPetrus H. Hastungkoro aHastungkoro, Petrus H. a1 aKlaten :bSaka Mitra Kompetensic2011 a68 hlm a600 PET p a600 aNon Fiksi a0722352 a0722353 a0722354 a0722355